A fair test for auctioneers (Record no. 84413)

MARC details
000 -LEADER
fixed length control field 00914cab a22002055a 4500
001 - CONTROL NUMBER
control field L157565
008 - FIXED-LENGTH DATA ELEMENTS--GENERAL INFORMATION
fixed length control field 130122e20130119xxk 000 0 eng d
035 ## - SYSTEM CONTROL NUMBER
System control number (Sirsi) u157565
041 0# - LANGUAGE CODE
Language code of text/sound track or separate title eng
100 1# - MAIN ENTRY--PERSONAL NAME
Personal name Murphy, Gary
245 02 - TITLE STATEMENT
Title A fair test for auctioneers
260 ## - PUBLICATION, DISTRIBUTION, ETC.
Date of publication, distribution, etc. 2013
490 ## - SERIES STATEMENT
Series statement Estates Gazette
Volume/sequential designation (1303) 19 January 2013, 82-83(2)
520 ## - SUMMARY, ETC.
Summary, etc. With the Property Misdescription Act 1991 being repealed in 2013 looks at the wider regulatory framework. The interests of consumers and businesses will now be protected by regulations that have been in force since May 2008 such as the Consumer Protection from Unfair Trading Regulations 2008 and the Business Protection from Misleading Marketing Regulations 2008. With a table of comparisons between the various Acts.
590 ## - LOCAL NOTE (RLIN)
Local note KA
651 #4 - SUBJECT ADDED ENTRY--GEOGRAPHIC NAME
Geographic name United Kingdom
690 ## - LOCAL SUBJECT ADDED ENTRY--TOPICAL TERM (OCLC, RLIN)
Topical term or geographic name as entry element Sales
9 (RLIN) 6269
690 ## - LOCAL SUBJECT ADDED ENTRY--TOPICAL TERM (OCLC, RLIN)
Topical term or geographic name as entry element Residential property
9 (RLIN) 6266
942 ## - ADDED ENTRY ELEMENTS (KOHA)
Suppress in OPAC 0
Holdings
Withdrawn status Lost status Source of classification or shelving scheme Damaged status Not for loan Home library Current library Shelving location Date acquired Total Checkouts Full call number Barcode Date last seen Copy number Price effective from Koha item type
    Dewey Decimal Classification     London London Journal article 22/01/2013   L157565 157565-1001 06/08/2019 1 06/08/2019 Journal article